000 00336nam a2200145Ia 4500
008 191201s2012 xx 000 0 und d
082 _a657
_bPAM
100 _aPANDEY, I M
245 0 _aManagement Accounting
250 _a2nd
260 _aN.Delhi
_bVikas Publication House
_c2012
300 _a608
650 _aMBA
942 _2ddc
_cBK
999 _c2636
_d2636